000 00548nam a22001697a 4500
020 _a9789383637041
082 _aH 891.430 9
_bBAN/D
100 _aPandith Banne
245 _aDr. N Chandrasekharan Nair ke sahitya mem samskritik evum rashtriya chetana/
_cby Pandith Banne
260 _aKanpur:
_bKwality Book Publishers and Distributors,
_c2013.
300 _a152p.
650 _aLiterature Hindi Dr N Chandrasekharan Nair Criticism
650 _aLiterature Hindi Criticism
650 _aLiterature Hindi
650 _aLiterature
942 _cBK
999 _c63297
_d63297